Statistiques concernant Culture générale par lettre - G.

Cliquez ici pour prendre le quiz!

Statistiques générales

  • Ce quiz a été pris 2 298 fois
  • Le résultat moyen est 11 sur 15

Statistiques - réponses

QuestionsRéponses% Correct
Instrument pouvant être électrique, sèche ou folk.Guitare
94%
Entreprise américaine de services technologiques fondée en 1998, créateur d'un célèbre moteur de recherche.Google
93%
Tiger Woods excelle dans ce sport.Golf
90%
Nom d'un des nains dans "Blanche-Neige"Grincheux
87%
Ville ou vit Batman.Gotham City
82%
Auteur, chanteur et compositeur Français, interprète de "Comme toi" ou "Je te donne".Jean-Jacques Goldman
82%
Dernier président de l'URSS.Mikhaïl Gorbatchev
79%
Femelle du singe.Guenon
77%
Footballeur Français, originaire de Macon, évoluant à l'Atletico de Madrid.Antoine Griezmann
76%
La capitale de ce pays est Tbilissi.Géorgie
75%
Petites créatures apparues au cinéma en 1984, qu'ils ne faut pas asperger d'eau ni nourrir après minuit.Gremlins
75%
Cosmonaute soviétique, premier être humain à avoir effectué un vol dans l'espace au cours de la mission Vostok 1, le 12 avril 1961.Youri Gagarine
66%
Champignon des bois, aussi appelé "chanterelle".Girolle
45%
Acteur Français né en 1922, qui a joué dans les films de la saga "les gendarmes" ou "Papy fait de la résistance".Michel Galabru
31%
Capitale de "Guyana".Georgetown
30%

Distribution des résultats

Percentile par nombre de réponses

% des personnes avec chaque résultat

Votre développement - résultats

Vous n’avez pas pris ce quiz